Statistics for Top 5 Songs On Yeezus (Kanye West)

Click here to take the quiz!

General Stats

  • This quiz has been taken 105 times
    (85 since last reset)
  • The average score is 4 of 5

Answer Stats

HintAnswer% Correct
613,595,522Bound 2
100%
527,663,674Black Skinhead
97%
174,185,630Blood On The Leaves
86%
116,330,637New Slaves
86%
103,596,111Hold My Liquor
81%

Score Distribution

Percentile by Number Answered

Percent of People with Each Score

Your Score History

You have not taken this quiz since the last reset